000 00350 a2200121 4500
001 ART_33840
005 20260410161708.0
008 260409a
245 1 0 _aLos directores de S.A. frente a los impuestos
100 1 _aOklander, Juan
700 1 _aPolicella, Gustavo
773 0 _tRevista Impuestos
_g- NÂș 4 (feb. 2006)
_wREV639
999 _c15799
_d15799